Book Titles en Français Quiz Stats

Quiz Updated May 9, 2013

Challenge
Share
Tweet
Embed
Score 0/30 Timer 06:00
0 Plays Today
title in French % Correct
Le lion, la sorcière blanche et l'armoire magiqueThe Lion, the Witch and the Wardrobe
92.3%
Gatsby le magnifiqueThe Great Gatsby
89.1%
Le livre de la jungleThe Jungle Book
85.6%
Orgueil et préjugésPride and Prejudice
81.3%
La petite maison dans la prairieLittle House on the Prairie
78%
L’orange mécaniqueA Clockwork Orange
77%
Le vieil homme et la merThe Old Man and the Sea
75.4%
Sur la routeOn the Road
70.3%
Le guide du voyageur galactiqueThe Hitchhiker's Guide to the Galaxy
70.1%
Mort sur le NilDeath on the Nile
68.2%
L'Importance d'être ConstantThe Importance of Being Earnest
67.4%
Un tramway nommé désirA Streetcar Named Desire
65.5%
Les Grandes EspérancesGreat Expectations
63.6%
Des souris et des hommesOf Mice and Men
61.9%
Les raisins de la colèreThe Grapes of Wrath
52.4%
title in French % Correct
Raison et sentimentsSense and Sensibility
51.6%
Ne tirez pas sur l'oiseau moqueurTo Kill a Mocking Bird
48.5%
Les quatre filles du docteur MarchLittle Women
42.8%
Le songe d'une nuit d'été A Midsummer Night's Dream
36.3%
Beaucoup de bruit pour rienMuch Ado About Nothing
35.2%
L'espion qui venait du froidThe Spy Who Came in from the Cold
34.3%
Le vent dans les saulesThe Wind in the Willows
31.3%
Autant en emporte le ventGone with the Wind
29.2%
Au coeur des ténèbresHeart of Darkness
29%
Sarah et le lieutenant françaisThe French Lieutenant's Woman
28.8%
De l'autre côté du miroirThrough the Looking-Glass
27.8%
Les cerfs volants de KaboulThe Kite Runner
27.6%
Les Hauts de HurleventWuthering Heights
17.1%
L'attrape-cœursThe Catcher in the Rye
6.7%
La mégère apprivoiséeThe Taming of the Shrew
4.7%

You're not logged in!

Compare scores with friends on all Sporcle quizzes.
Sign Up with Email
OR
Log In

You Might Also Like...

Show Comments

Extras

Top Quizzes Today


Score Distribution

Your Account Isn't Verified!

In order to create a playlist on Sporcle, you need to verify the email address you used during registration. Go to your Sporcle Settings to finish the process.